France, culture générale #1 - Statistiques

Statistiques générales
  • Ce quiz a été pris 2 449 fois
  • Le résultat moyen est 9 sur 15
Statistiques - réponses
Question Réponse % Correct
Fleuve qui traverse la ville de Paris. Seine
100%
Nombre de lettres dans notre alphabet. 26
92%
Produit fabriqué par un viticulteur. Vin
85%
Couvre-chef d'origine béarnaise, il est souvent associé à la France. Le Béret
80%
Acteur Français, il incarne le célèbre Brice de Nice dans une série de film au cinéma. Jean Dujardin
79%
Constructeur Français de la Clio ou de la Mégane par exemple. Renault
78%
4ème président de la 5ème république. François Mitterrand
75%
C’est le jeune Louis, âgé de 15 ans et prématurément aveugle, qui invente ces fameux caractères pour apprendre au gens aveugles à lire. Le braille
72%
Sportif Français, 10 fois champions du monde de judo. Teddy Riner
71%
Date à laquelle on fête la "Toussaint". 1 novembre
56%
Cette ville est surnommé "la petite Venise d'Alsace". Colmar
40%
Il a peint "Le Déjeuner sur l'herbe". Édouard Manet
34%
Interprète de "Juste une photo de toi", il a commencé sa carrière musicale avec les "Linkup" M.Pokora
26%
Première femme élue à l’Académie Française. Marguerite Yourcenar
21%
Adaptation Française de l'émission américaine "Family Feud". Une famille en or
19%
Aucun quiz correspondant
Distribution des résultats
% des personnes avec chaque résultat
Percentile par nombre de réponses
Votre historique - résultats
Vous n’avez pas pris ce quiz